Village statistics of West Pakistan : (Record no. 66220)
[ view plain ]
| 000 -LEADER | |
|---|---|
| fixed length control field | 01414nam a2200277 a 4500 |
| 001 - CONTROL NUMBER | |
| control field | 66220 |
| 003 - CONTROL NUMBER IDENTIFIER | |
| rucl marc code | BD-RjUL |
| 005 - DATE AND TIME OF LATEST TRANSACTION | |
| control field | 20211209081519.0 |
| 008 - FIXED-LENGTH DATA ELEMENTS--GENERAL INFORMATION | |
| fixed length control field | 170315s1960 pk s o00| 0 eng |
| 035 ## - SYSTEM CONTROL NUMBER | |
| System control number | (BD-RjUL)66350 |
| 040 ## - CATALOGING SOURCE | |
| Original cataloging agency | DLC |
| Transcribing agency | DLC |
| Modifying agency | DLC |
| -- | BD-RjUL |
| Language of cataloging | eng |
| 041 ## - LANGUAGE CODE | |
| Language code of text/sound track or separate title | eng |
| 082 ## - DEWEY DECIMAL CLASSIFICATION NUMBER | |
| Classification number | 630.9549021 |
| Edition number | 23 |
| Author mark and year | CAM 1960 (VSWP) |
| 110 ## - MAIN ENTRY--CORPORATE NAME | |
| Corporate name or jurisdiction name as entry element | West Pakistan (Pakistan). |
| Subordinate unit | Bureau of Statistics. Planning and Development Department. |
| 9 (RLIN) | 195987 |
| 245 10 - TITLE STATEMENT | |
| Title | Village statistics of West Pakistan : |
| Remainder of title | District Campbellpur: population area, cultivated area, wheat area, cotton area / |
| Statement of responsibility, etc. | West Pakistan (Pakistan). Bureau of Statistics. Planning and Development Department. |
| 246 ## - VARYING FORM OF TITLE | |
| Title proper/short title | Village statistics of Campbellpur District: |
| Remainder of title | West Pakistan |
| 260 ## - PUBLICATION, DISTRIBUTION, ETC. (IMPRINT) | |
| Place of publication, distribution, etc. | Lahore : |
| Name of publisher, distributor, etc. | Bureau of Statistics, Planning and Development Dept., |
| Date of publication, distribution, etc. | 1960 |
| 300 ## - PHYSICAL DESCRIPTION | |
| Pagination | vii, 66 p. : |
| Illustrations | Ill. ; |
| Size | 29 cm. |
| 500 ## - GENERAL NOTE | |
| General note | "Title also in Urdu" English and Urdu. |
| General note | "Text : English and Urdu." |
| 650 ## - SUBJECT ADDED ENTRY--TOPICAL TERM | |
| Topical term or geographic name as entry element | Villages |
| Geographic subdivision | Pakistan |
| -- | West Pakistan |
| -- | Campbellpur District |
| Form subdivision | Statistics. |
| Chronological subdivision | 1946-47 -1956-57 |
| 9 (RLIN) | 195959 |
| Topical term or geographic name as entry element | Agriculture |
| Geographic subdivision | Pakistan |
| -- | West Pakistan |
| -- | Campbellpur District |
| Form subdivision | Statistics. |
| Chronological subdivision | 1946-47 -1956-57 |
| 9 (RLIN) | 195960 |
| 651 ## - SUBJECT ADDED ENTRY--GEOGRAPHIC NAME | |
| Geographic name | Pakistan |
| Geographic subdivision | West Pakistan |
| Form subdivision | Statistics. |
| Chronological subdivision | 1946-47 -1956-57 |
| 9 (RLIN) | 195961 |
| Geographic name | Pakistan |
| Geographic subdivision | West Pakistan |
| -- | Campbellpur District |
| General subdivision | Population |
| Form subdivision | Statistics |
| Chronological subdivision | 1951 |
| 9 (RLIN) | 193539 |
| 942 ## - ADDED ENTRY ELEMENTS (KOHA) | |
| Source of classification or shelving scheme | Dewey Decimal Classification |
| Koha item type | Rare Books |
| Lost status | Source of classification or shelving scheme | Damaged status | Not for loan | Collection code | Permanent Location | Current Location | Shelving location | Date acquired | Total Checkouts | Full call number | Date last seen | Copy number | Koha item type |
|---|---|---|---|---|---|---|---|---|---|---|---|---|---|
| Dewey Decimal Classification | Not For Loan | Rare Books | Central Library, University of Rajshahi | Central Library, University of Rajshahi | Rare Book Section | 15/03/2017 | RA 630.9549021 CAM 1960(VSWP) | 15/03/2017 | C-1 | Rare Books |